[Event "Berlin-ch U18 final"]
[Site "Berlin"]
[Date "2008.01.10"]
[Round "5.6"]
[White "Noetzel, Felix"]
[Black "Fieger, Arthur"]
[Result "1-0"]
[WhiteElo "1843"]
[BlackElo "1265"]
[PlyCount "81"]
[EventDate "2008.01.06"]
[EventType "swiss"]
[EventRounds "7"]
[EventCountry "GER"]
[SourceTitle "EXT 2022"]
[Source "ChessBase"]
[SourceDate "2021.10.06"]
[SourceVersion "1"]
[SourceVersionDate "2021.10.06"]
[SourceQuality "1"]

1. e4 e6 2. d4 d5 3. exd5 exd5 4. Bd3 Bd6 5. Ne2 Qf6 6. Nbc3 Ne7 7. Nb5 c6 8. Nxd6+ Qxd6 9. 0-0 Ng6 10. Re1 0-0 11. Ng3 b6 12. Nf5 Qc7 13. Qh5 Bxf5 14. Qxf5 Qd7 15. Qf3 Qd6 16. Bd2 Nd7 17. Re2 c5 18. c3 c4 19. Bc2 a5 20. Rae1 b5 21. Qf5 Nf6 22. Bg5 Qd7 23. Bxf6 Qxf5 24. Bxf5 gxf6 25. g3 b4 26. h4 h5 27. Bc2 Rfb8 28. Bd1 f5 29. Rc2 f4 30. Bxh5 fxg3 31. fxg3 Kg7 32. Bf3 Rb5 33. Rce2 Rh8 34. h5 Nf8 35. Re5 f6 36. Rxd5 Rxd5 37. Bxd5 Rxh5 38. Bxc4 Rg5 39. Kf2 Rg4 40. Kf3 f5 41. Re5 1-0